Logo BPK

Biblioteka

Politechniki Koszalińskiej

Segmentacja rynku : (Rekord nr 45462)

Szczegóły MARC
000 -ETYKIETA REKORDU
podpole kontrolne o stałej długości 01045nam a2200301 i 4500
001 - NUMER KONTROLNY REKORDU
pole kontrolne bg
020 ## - MIĘDZYNARODOWY ZNORMALIZOWANY NUMER KSIĄŻKI - ISBN
ISBN 8388597868
040 ## - ŹRÓDŁO KATALOGOWANIA
Instytucja, która utworzyła rekord BPK
041 1# - KOD JĘZYKA
Kod języka tekstu pol
Kod języka oryginału eng
080 ## - UNIWERSALNA KLASYFIKACJA DZIESIĘTNA - UKD
UKD 339.13:366
920 ## - Międzynarodowy znormalizowany numer książki – ISBN
ISBN 83-88597-86-8
008 - POLE O STAŁEJ DŁUGOŚCI - DANE KONTROLNE
podpole kontrolne o stałej długości s pl f |000 0 pol
100 1# - NAZWA OSOBOWA
Nazwa osobowa McDONALD, Malcolm
245 10 - TYTUŁ/ODPOWIEDZIALNOŚĆ
Tytuł Segmentacja rynku :
Ciąg dalszy tytułu przebieg procesu i wykorzystanie wyników /
Pozostałe elementy strefy tytułu i oznaczenia odpowiedzialności Malcolm McDonald, Ian Dunbar ; przeł. Grzegorz Łuczkiewicz.
246 ## - WARIANT TYTUŁU
Treść wyrażenia wprowadzającego Tyt. oryg.:
Tytuł Market segmentation
260 ## - STREFA ADRESU WYDAWNICZEGO
Miejsce wydania Kraków :
Nazwa wydawcy/dystrybutora Oficyna Ekonomiczna. Oddział Polskich Wydawnictw Profesjonalnych,
Data publikacji, dystrybucji/powstania dokumentu 2003.
300 ## - STREFA OPISU FIZYCZNEGO
Objętość 376 s. :
Inne cechy fizyczne rys. ;
Rozmiary 24 cm.
490 1# - STREFA SERII I DOKUMENTU WIELOCZĘŚCIOWEGO - FORMA NIE DO WYSZUKIWANIA
Tytuł i oznaczenie odpowiedzialności serii Publikacje Biznesowe
500 ## - UWAGI OGÓLNE
Tekst uwagi Tyt. oryg.: "Market segmentation".
504 ## - UWAGA DOTYCZĄCA BIBLIOGRAFII
Informacje o bibliografii Indeks.
650 #9 - HASŁO PRZEDMIOTOWE W FORMIE NAZWY OGÓLNEJ LUB JEDNOSTKOWEJ
Nazwa ogólna lub geograficzna Rynek
Określnik ogólny badanie
650 #9 - HASŁO PRZEDMIOTOWE W FORMIE NAZWY OGÓLNEJ LUB JEDNOSTKOWEJ
Nazwa ogólna lub geograficzna Konsumenci (ekon.)
Określnik ogólny badanie
700 1# - HASŁO DODATKOWE - NAZWA OSOBOWA
Nazwa osobowa DUNBAR, Ian
700 1# - HASŁO DODATKOWE - NAZWA OSOBOWA
Nazwa osobowa ŁUCZKIEWICZ, Grzegorz.
Określenie związku między hasłem a opisywanym materiałem Tł.
830 ## - HASŁO DODATKOWE SERII LUB DOKUMENTU WIELOCZĘŚCIOWEGO - TYTUŁ UJEDNOLICONY
Tytuł ujednolicony Publikacje Biznesowe
856 ## - LOKALIZACJA I DOSTĘP DO ELEKTRONICZNYCH DOKUMENTÓW ZDALNYCH
Link (URL) http://koha.tu.koszalin.pl/cgi-bin/koha/opac-detail.pl?biblionumber=45462
Tekst linku Katalog online BPK
942 ## - DODATKOWE ELEMENTY (KOHA)
Typ dokumentu Książka
Egzemplarze
Wycofany Status egzemplarza Uszkodzony Dostępność Lokalizacja stała Lokalizacja bieżąca Miejsce przechowywania Sygnatura Kod kreskowy Dział Typ dokumentu Ostatnio wypożyczono
      Tylko na miejscu Biblioteka Politechniki Koszalińskiej Biblioteka Politechniki Koszalińskiej Czytelnia Wydziałowa ul. Kwiatkowskiego 6e 74232 02249100 339.13 Analiza rynku. Marketing Książka  
      Dostępny Biblioteka Politechniki Koszalińskiej Biblioteka Politechniki Koszalińskiej Wypożyczalnia BG 74233 02249094   Książka 13.11.2023
      Dostępny Biblioteka Politechniki Koszalińskiej Biblioteka Politechniki Koszalińskiej Wypożyczalnia BG 74234 02249087   Książka 19.09.2016
© 2023 Biblioteka Politechniki Koszalińskiej :: KOHA